In double jeopardy

Saved in:
Bibliographic Details
Main Author: Neiderman, Andrew
Format: Book
Language:English
Published: New York Pocket Books 1998
Subjects:
Tags: Add Tag
No Tags, Be the first to tag this record!
Call Number :PZ 7 .I53 .NEI 1998

MARC

LEADER 00000nam a2200000 a 4500
001 15506
003 MY-KLNDU
005 20241218060338.0
008 s1998 xxu 000 1 eng d
020 |a 0671015613 
035 |a 0000007726 
039 9 |a 201306101557  |b faizin  |c 201302261430  |d shahrim  |y 200910081636  |z VLOAD 
040 |a UPNM 
090 |a PZ 7 .I53  |b .NEI 1998 
100 1 |a Neiderman, Andrew 
245 1 0 |a In double jeopardy  |c Andrew Neiderman 
260 |a New York  |b Pocket Books  |c 1998 
300 |a 375 p.  |c 18 cm. 
650 0 |a English fiction. 
999 |a vtls000015347  |c 15506  |d 15506